Základy algoritmizácie

Bibliographic Details
Main Authors: Horovčák, Pavel, 1948- (Author), Terpák, Ján (Author)
Format: Book
Language:Slovak
PhysicalDescription:51 s. sch., tab. 21 cm
Published: V Košiciach Technická univerzita 1998
ISBN:8070993316
Edition:2. vyd.
Subjects:

MARC

LEADER 00000nam a2200000 a 4500
001 vtls001330471
003 SK-MaSNL
005 20260301065844.0
008 240314s1998 xo ap r yy slo
015 |a SNBA1998/09-03190 
020 |a 8070993316 
035 |a SNK000283335 
035 |a urn:nbn:sk:snk-amk68p 
035 |a urn:nbn:sk:snk-am004olw 
035 |a 36F34447-2606-4529-81AB-16A06C9546D2 
040 |a SNK  |b slo  |c SNK  |e AACR2 
041 0 |a slo 
044 |a xo  |c SK 
080 |a 519.688(075.8)  |2 1981 
100 1 |a Horovčák, Pavel,  |d 1948-  |4 aut  |9 86378 
245 1 0 |a Základy algoritmizácie  |c Pavel Horovčák, Ján Terpák 
250 |a 2. vyd. 
260 |a V Košiciach  |b Technická univerzita  |c 1998 
300 |a 51 s.  |b sch., tab.  |c 21 cm 
500 |a 50 výt. 
504 |a Bibliogr. s. 51 
650 0 7 |a algoritmizácia  |2 SNKPH  |9 4218 
655 7 |a učebnice vysokých škôl  |2 SNKPH  |9 70191 
700 1 |a Terpák, Ján  |4 aut  |9 10974 
919 |a 80-7099-331-6 
958 |a TL 
958 |a NB 
958 |a UV 
999 |c 632239  |d 634169 
952 |t P60, <03>, [BOOK], {603}  |a SNK  |b SNK  |y PREZ  |7 0  |p 17A0138470  |o snkSC 95834  |i snkKSP 5104/98  |0 0  |1 0  |4 0  |d 1998-05-12  |f 1  |l 0  |r 2025-09-12 00:00:00  |w 2026-02-23 
952 |t P60, <04>, [BOOK], {604}  |a SNK  |b SNK  |y VYP  |7 0  |p 17A0138471  |o snkSC 95834 D1  |i snkKSP 5105/98  |0 0  |1 0  |4 0  |d 1998-05-12  |l 0  |r 2005-01-02 00:00:00  |w 2026-02-23